000 00352nmm a2200145 a 4500
003 AR-BaBNM
005 20251128203118.0
008 033119s[s.f ||||||||||||||000 | spa||
040 _cAR-BaBNM
100 1 _aTolstoi, Lev Nikolaevich
_d1828-1910
245 1 0 _aA la carga
260 _a[S.l.]
_bA. Martínez
_c[s.f.]
942 _cBK
998 _cArchipretre
999 _c1948
_d1948